KENDİMDEN GEÇİYORDUM (Record no. 713375)

MARC details
000 -LEADER
sabit uzunluktaki kontrol alanı 00250nam a2200097Ia 4500
001 - KONTROL NUMARASI
kontrol alanı 713375
005 - EN SON İŞLEMİN TARİH VE ZAMANI
kontrol alanı 20250826162845.0
008 - SABİT-UZUNLUKTA VERİ ÖĞELERİ--GENEL BİLGİ
sabit uzunluktaki kontrol alanı 250824s9999 xx 000 0 und d
245 #0 - ESER / YAZAR
ESER ADI KENDİMDEN GEÇİYORDUM
Yazar Adı MİNE SOTA
260 ## - YAYIN, DAĞITIM, VB.
YAYIN EVİ GENÇ TİMAŞ YAYINLARI
Holdings
Düşüm durumu Kayıp durumu Hasar Durumu Ödünç verilmez Ana kütüphane Geçerli Kütüphane Edinilen tarih Toplam ödünç verme sayısı Barkod Son görüntüleme tarihi Fiyatın geçerli olmaya başladığı tarih Koha materyal türü
        SELÇUKLU FEN LİSESİ SELÇUKLU FEN LİSESİ 24.08.2025   10301997 26.08.2025 26.08.2025 Books